Konkrét lépések egy dolgozói elégedettség és elkötelezettség felmérés után - Az Aon Magyarország Kft.-nél véghez vitt változtatások és ezek hatásának bemutatása

Bibliographic Details
Main Author: Sarnyai Virág
Other Authors: Krajcsák Dr. Zoltán
Format: Final Paper
Kulcsszavak:Dolgozói elégedettség
Elkötelezettség
Teljesítmény
Online Access:http://dolgozattar.uni-bge.hu/14478

MARC

LEADER 00000nta a2200000 i 4500
001 dolg14478
005 20171218125519.0
008 171218suuuu hu o 000 hun d
040 |a BGE Dolgozattár Repozitórium  |b hun 
041 |a hu 
100 1 |a Sarnyai Virág 
245 1 0 |a Konkrét lépések egy dolgozói elégedettség és elkötelezettség felmérés után - Az Aon Magyarország Kft.-nél véghez vitt változtatások és ezek hatásának bemutatása  |c Sarnyai Virág  |h [elektronikus dokumentum] 
516 |a Final_paper 
695 |a Dolgozói elégedettség 
695 |a Elkötelezettség 
695 |a Teljesítmény 
700 1 |a Krajcsák Dr. Zoltán  |e ths 
856 4 0 |u http://dolgozattar.uni-bge.hu/14478/1/Sarnyai_Vir%C3%A1g_N6AOKM_Szakdolgozat.pdf  |z Dokumentum-elérés 
856 4 0 |u http://dolgozattar.uni-bge.hu/14478/2/Nyilatkozat.pdf  |z Dokumentum-elérés 
856 4 0 |u http://dolgozattar.uni-bge.hu/14478/12/Titkos%C3%ADt%C3%A1si_k%C3%A9relem.pdf  |z Dokumentum-elérés